[Event "ARM-ch 1st League 74th"]
[Site "Yerevan"]
[Date "2013.08.26"]
[Round "6"]
[White "Hayrapetyan, Artavazd R"]
[Black "Kotanjian, Tigran"]
[Result "1/2-1/2"]
[WhiteElo "2200"]
[BlackElo "2500"]
[PlyCount "227"]
[EventDate "2013.08.21"]
[EventType "tourn"]
[EventRounds "13"]
[EventCountry "ARM"]
[EventCategory "7"]
[SourceTitle "CBM 156 Extra"]
[Source "ChessBase"]
[SourceDate "2013.10.22"]
[SourceVersion "1"]
[SourceVersionDate "2013.10.22"]
[SourceQuality "1"]

1. Nf3 d5 2. d4 c5 3. dxc5 e6 4. c4 Bxc5 5. e3 Nf6 6. Nc3 0-0 7. cxd5 exd5 8. Be2 Nc6 9. 0-0 Re8 10. a3 a5 11. Nb5 Bg4 12. Qc2 Qb6 13. Nc7 Qxc7 14. Qxc5 Qd7 15. Rd1 Rad8 16. Bd2 Ne4 17. Qb5 Qe6 18. Be1 Bxf3 19. Bxf3 d4 20. Qxb7 d3 21. Qa6 Rd6 22. Bxe4 Qxe4 23. f3 Qxe3+ 24. Bf2 Qe6 25. Bg3 Ne5 26. Qxa5 Rd5 27. Qe1 Qd7 28. Bxe5 Rexe5 29. Qf1 Re2 30. Rxd3 Rxg2+ 31. Kxg2 Rxd3 32. Re1 h5 33. Qf2 Qf5 34. Re2 g6 35. Qg3 Rb3 36. Rf2 Qf6 37. a4 Rb4 38. b3 h4 39. Qc7 Qg5+ 40. Kh3 Qf5+ 41. Kg2 h3+ 42. Kg1 Rxb3 43. Qd8+ Kg7 44. Qd4+ f6 45. Rf1 Ra3 46. Qg4 Qxg4+ 47. fxg4 Rxa4 48. g5 Rg4+ 49. Kh1 f5 50. Rf3 Rxg5 51. Rxh3 Kf6 52. Ra3 f4 53. h3 Rf5 54. Kg2 Kg5 55. Ra8 Rb5 56. Rf8 Rb2+ 57. Kf3 Rh2 58. Rh8 Rh1 59. Kg2 Ra1 60. Rf8 Ra3 61. Rf7 Ra5 62. Kf3 Ra3+ 63. Kg2 Ra8 64. Kf3 Ra3+ 65. Kg2 Ra2+ 66. Kf3 Rh2 67. Rh7 Kf5 68. Rf7+ Ke5 69. Re7+ Kf6 70. Rh7 g5 71. Rh8 Ra2 72. Rh6+ Kf5 73. Rh8 Ra3+ 74. Kf2 Kf6 75. Rh6+ Ke5 76. Rh8 Ra2+ 77. Kf3 Rh2 78. Re8+ Kf6 79. Rh8 Kg7 80. Rh5 Kg6 81. Rh8 Kf6 82. Kg4 Rf2 83. Rh6+ Ke5 84. Rh8 Rf1 85. Re8+ Kf6 86. Rh8 Rh1 87. Rh6+ Ke5 88. Rh8 Ke4 89. Re8+ Kd3 90. Rd8+ Ke2 91. Re8+ Kf2 92. Kxg5 f3 93. h4 Rg1+ 94. Kh6 Rg4 95. h5 Kg3 96. Ra8 f2 97. Ra3+ Kf4 98. Ra4+ Ke5 99. Ra5+ Kd4 100. Ra4+ Ke3 101. Ra3+ Kf4 102. Ra4+ Kg3 103. Ra3+ Kh2 104. Ra2 Kg1 105. Ra1+ f1Q 106. Rxf1+ Kxf1 107. Kh7 Kf2 108. h6 Kg3 109. Kh8 Kf4 110. h7 Kg5 111. Kg7 Kf5+ 112. Kf8 Rh4 113. Kg7 Rxh7+ 114. Kxh7 1/2-1/2

[Event "ARM-ch 1st League 74th"]
[Site "Yerevan"]
[Date "2013.08.24"]
[Round "4"]
[White "Hayrapetyan, Artavazd R"]
[Black "Hayrapetyan, Hovik"]
[Result "0-1"]
[WhiteElo "2200"]
[BlackElo "2486"]
[PlyCount "134"]
[EventDate "2013.08.21"]
[EventType "tourn"]
[EventRounds "13"]
[EventCountry "ARM"]
[EventCategory "7"]
[SourceTitle "CBM 156 Extra"]
[Source "ChessBase"]
[SourceDate "2013.10.22"]
[SourceVersion "1"]
[SourceVersionDate "2013.10.22"]
[SourceQuality "1"]

1. Nf3 d5 2. g3 Nf6 3. Bg2 Bg4 4. c4 Bxf3 5. Bxf3 c6 6. cxd5 cxd5 7. d4 e6 8. 0-0 Nc6 9. Nc3 Bb4 10. Qd3 0-0 11. Bf4 Bxc3 12. Qxc3 Rc8 13. Qd2 Qb6 14. e3 h6 15. h4 Ne4 16. Qe2 Qd8 17. Rac1 f6 18. Bxe4 dxe4 19. Qg4 Qe7 20. Rfd1 Nb4 21. Bxh6 f5 22. Bg5 fxg4 23. Bxe7 Nd3 24. Bxf8 Rxc1 25. Rxc1 Nxc1 26. Bb4 Nxa2 27. Bd2 Kf7 28. Kf1 Ke7 29. Ke2 Kd6 30. Kd1 Kd5 31. Kc2 Kc4 32. b3+ Kb5 33. d5 exd5 34. h5 Nb4+ 35. Kd1 d4 36. exd4 Nd5 37. Ke2 Kc6 38. Bg5 Kd6 39. Kd2 Ke6 40. Bd8 Kf5 41. Kc2 b5 42. Kd2 a6 43. Ke2 Ke6 44. Kd2 Kd7 45. Ba5 Kc6 46. Bd8 b4 47. Bg5 a5 48. Kc2 Kb5 49. Kb2 a4 50. bxa4+ Kxa4 51. Bd8 b3 52. Bg5 Kb4 53. Bd2+ Kc4 54. Be3 Nb4 55. Kc1 Nc2 56. Bf4 Kc3 57. Bd2+ Kxd4 58. Kb2 Kc4 59. Bc3 Nd4 60. Ba5 Nf5 61. Bc3 e3 62. fxe3 Nxg3 63. Bxg7 Nxh5 64. Be5 g3 65. e4 g2 66. Bh2 Nf4 67. e5 Nd3+ 0-1

[Event "ARM-ch 1st League 74th"]
[Site "Yerevan"]
[Date "2013.08.22"]
[Round "2"]
[White "Hayrapetyan, Artavazd R"]
[Black "Dilanyan, Grigor"]
[Result "1-0"]
[WhiteElo "2200"]
[BlackElo "2281"]
[PlyCount "135"]
[EventDate "2013.08.21"]
[EventType "tourn"]
[EventRounds "13"]
[EventCountry "ARM"]
[EventCategory "7"]
[SourceTitle "CBM 156 Extra"]
[Source "ChessBase"]
[SourceDate "2013.10.22"]
[SourceVersion "1"]
[SourceVersionDate "2013.10.22"]
[SourceQuality "1"]

1. e4 e5 2. Nf3 Nc6 3. c3 d5 4. Qa4 Bd7 5. exd5 Nd4 6. Qd1 Nxf3+ 7. Qxf3 Nf6 8. Bc4 e4 9. Qe2 Bd6 10. d4 h6 11. Be3 0-0 12. Nd2 Bg4 13. Qf1 Re8 14. h3 Bh5 15. g4 Bg6 16. Bb3 Qd7 17. Qg2 Bf8 18. Nc4 Bd6 19. Nxd6 Qxd6 20. Qg3 Qxg3 21. fxg3 Red8 22. c4 b5 23. d6 Rxd6 24. cxb5 Nd5 25. Ke2 Rb8 26. Rhc1 Rxb5 27. Rc5 c6 28. Rxb5 cxb5 29. Rc1 Kf8 30. Bd2 Ke8 31. Rc5 Nb6 32. d5 a6 33. Bf4 Rd7 34. Bc7 Nc4 35. Bxc4 bxc4 36. d6 f6 37. Rxc4 Rf7 38. Ra4 f5 39. Rxa6 Kd7 40. Ra8 fxg4 41. hxg4 Rf3 42. Rg8 Bf7 43. Rxg7 Kc6 44. b3 Be6 45. g5 hxg5 46. Rxg5 Bc8 47. b4 Be6 48. b5+ Kd7 49. Rg7+ Kc8 50. b6 Bc4+ 51. Kd2 Rd3+ 52. Kc2 Bb5 53. Re7 Ba4+ 54. Kb2 Bc6 55. a3 Kb7 56. a4 Rd2+ 57. Kc3 Rd3+ 58. Kc4 Rd1 59. a5 Ka6 60. g4 Rc1+ 61. Kd4 Rg1 62. Rxe4 Rd1+ 63. Ke5 Kb7 64. Rd4 Re1+ 65. Kf6 Bd7 66. g5 Re6+ 67. Kf7 Re5 68. g6 1-0

[Event "Jermuk Asrian Memorial 6th"]
[Site "Jermuk"]
[Date "2013.06.17"]
[Round "2"]
[White "Gaboyan, Susanna"]
[Black "Hayrapetyan, Artavazd R"]
[Result "1/2-1/2"]
[WhiteElo "2019"]
[BlackElo "2172"]
[PlyCount "65"]
[EventDate "2013.06.16"]
[EventType "swiss"]
[EventRounds "9"]
[EventCountry "ARM"]
[SourceTitle "CBM 155 Extra"]
[Source "ChessBase"]
[SourceDate "2013.08.26"]
[SourceVersion "1"]
[SourceVersionDate "2013.08.26"]
[SourceQuality "1"]

1. d4 Nf6 2. c4 e5 3. d5 Bc5 4. e3 0-0 5. Nc3 a5 6. Bd3 c6 7. d6 Qe8 8. Bf5 g6 9. Bh3 e4 10. Nge2 Qe5 11. Ng3 Na6 12. 0-0 Re8 13. f3 Bxd6 14. fxe4 Bf8 15. Qf3 Bg7 16. Na4 b5 17. Nb6 Rb8 18. Nxd7 Bxd7 19. Bxd7 Re7 20. Bxc6 bxc4 21. Bd2 Rxb2 22. Rad1 h5 23. Qf4 Ng4 24. Bc1 Rxa2 25. h3 Bh6 26. Qf3 Nxe3 27. Bxe3 Ra3 28. Rd8+ Kh7 29. Qxf7+ Rxf7 30. Rxf7+ Bg7 31. Bd4 Qxg3 32. Bxg7 Qe3+ 33. Kh2 1/2-1/2

[Event "Jermuk Asrian Memorial 6th"]
[Site "Jermuk"]
[Date "2013.06.16"]
[Round "1"]
[White "Hayrapetyan, Artavazd R"]
[Black "Melkumyan, Hrant"]
[Result "0-1"]
[WhiteElo "2172"]
[BlackElo "2635"]
[PlyCount "122"]
[EventDate "2013.06.16"]
[EventType "swiss"]
[EventRounds "9"]
[EventCountry "ARM"]
[SourceTitle "CBM 155 Extra"]
[Source "ChessBase"]
[SourceDate "2013.08.26"]
[SourceVersion "1"]
[SourceVersionDate "2013.08.26"]
[SourceQuality "1"]

1. Nf3 Nf6 2. e3 g6 3. b3 Bg7 4. Bb2 0-0 5. Be2 c5 6. 0-0 d5 7. d4 cxd4 8. Nxd4 e5 9. Nf3 e4 10. Nd4 Nbd7 11. Nd2 Ne5 12. Ne6 Bxe6 13. Bxe5 Qa5 14. a3 Rac8 15. b4 Qa4 16. Nb3 Rfd8 17. Nd4 Qd7 18. Rc1 Bg4 19. c4 dxc4 20. Bxf6 Bxe2 21. Qxe2 Bxf6 22. Rxc4 Rxc4 23. Qxc4 Bxd4 24. Rd1 Qc8 25. Qxc8 Rxc8 26. exd4 f5 27. d5 Kf7 28. g4 Kf6 29. gxf5 gxf5 30. f3 exf3 31. Kf2 Ke5 32. d6 Rd8 33. d7 Ke6 34. Re1+ Kxd7 35. Re5 Kc6 36. Rc5+ Kb6 37. a4 Rd4 38. Rb5+ Kc6 39. Rc5+ Kd6 40. Rb5 b6 41. a5 Kc6 42. Rxf5 Rxb4 43. axb6 axb6 44. Rh5 Rf4 45. Rxh7 b5 46. Rh8 b4 47. h4 Rf7 48. h5 Kb5 49. Rb8+ Kc4 50. Rc8+ Kd3 51. Rb8 Kc3 52. Rc8+ Kb2 53. Rb8 b3 54. h6 Kc2 55. Rc8+ Kb1 56. Rb8 b2 57. Rb6 Rf8 58. Rb7 Rh8 59. Rb6 Kc2 60. Rc6+ Kd3 61. Rb6 Rxh6 0-1